| 000 -CABECERA |
| Longitud fija campo de control |
00660nam a2200193 a 4500 |
| 001 - NÚMERO DE CONTROL |
| Número de control |
1050 |
| 003 - IDENTIFICADOR DEL NÚMERO DE CONTROL |
| Identificador del número de control |
CDMR |
| 005 - FECHA Y HORA DE LA ÚLTIMA TRANSACCIÓN |
| Fecha y hora de la última transacción |
20131010171227.0 |
| 008 - CÓDIGOS DE INFORMACIÓN DE LONGITUD FIJA |
| Códigos de información de longitud fija |
130130s2002||||||||||||||||||||||||||||d |
| 040 ## - FUENTE DE LA CATALOGACIÓN |
| Centro catalogador de origen |
CDMR |
| Lengua de catalogación |
cat |
| Centro transcriptor |
CPC LLEIDA |
| 100 1# - PUNTO DE ACCESO PRINCIPAL-NOMBRE DE PERSONA |
| 9 (RLIN) |
4038 |
| Nombre de persona |
Hernández Hernàndez, Sònia |
| Fechas asociadas al nombre |
1976- |
| 245 ## - MENCIÓN DE TÍTULO |
| Título |
Juan Ramón Masoliver |
| Resto del título |
: dies llegits |
| Mención de responsabilidad, etc. |
Sònia Hernández, Ángel Luis Acín |
| 260 ## - PUBLICACIÓN, DISTRIBUCIÓN, ETC. (PIE DE IMPRENTA) |
| Lugar de publicación, distribución, etc. |
Montcada i Reixac |
| Nombre del editor, distribuidor, etc. |
L'Ajuntament. Regidoria de Cultura |
| Fecha de publicación, distribución, etc. |
DL 2002 |
| 300 ## - DESCRIPCIÓN FÍSICA |
| Extensión |
225 p. |
| Otras características físicas |
20 cm. |
| 600 1# - PUNTO DE ACCESO ADICIONAL DE MATERIA - NOMBRE DE PERSONA |
| 9 (RLIN) |
4039 |
| Nombre de persona |
Masoliver, Juan Ramón |
| Fechas asociadas al nombre |
1910-1997 |
| 650 04 - PUNTO DE ACCESO ADICIONAL DE MATERIA - TÉRMINO DE MATERIA |
| 9 (RLIN) |
3139 |
| Término de materia o nombre geográfico como elemento inicial |
Periodistes catalans |
| Subdivisión de forma |
Biografia |
| 700 1# - PUNTO DE ACCESO ADICIONAL - NOMBRE DE PERSONA |
| 9 (RLIN) |
3556 |
| Nombre de persona |
Acín Calvo, Àngel Luis |
| Fechas asociadas al nombre |
1972- |
| 942 ## - ENTRADA DE ELEMENTOS AGREGADOS (KOHA) |
| Koha [por defecto] tipo de item |
Monografies |
| Fuente de clasificaión o esquema |
|
| Suprimido en OPAC |
0 |